| 000 | 00480nam a2200169Ia 4500 | ||
|---|---|---|---|
| 005 | 20250822170907.0 | ||
| 008 | 250822s9999||||xx |||||||||||||| ||und|| | ||
| 100 | _aSegovia Salas, Rodolfo | ||
| 245 | 0 | _aCartagena de Indias: historiografía de sus fortificaciones | |
| 300 | _ap. 3-19 | ||
| 650 | _aARQUITECTURA | ||
| 650 | _aCOLONIA | ||
| 650 | _aHISTORIOGRAFIA | ||
| 651 | _aCOLOMBIA | ||
| 773 | _aBoletín cultural y bibliográfico Vol. 34 No. 45 (1997) | ||
| 942 | _tMJCh | ||
| 999 |
_c12782 _d12782 |
||